000 00596nam a2200229Ia 4500
003 OSt
005 20220918180313.0
006 a|||||r|||| 00| 0
007 ta
008 220917b |||||||| |||| 00| 0 eng d
024 _a21,746
037 _cTextual
040 _aARTS
_cARTS
_beng
041 _2eng
_aeng
082 _aO:3M16w, J5
100 _aCrompton Margaret
_956062
245 0 _aPassiomate search
_b a life of Charlotte Bronte
260 _c1955
650 _aENGLISH LITERATURE
942 _hO:3M16w, J5
_cTEXL
_2CC
999 _c161080
_d161080